[Event "The American Cup 2022 | Open Eliminatio"]
[Site "Chess.com"]
[Date "2022.04.25"]
[Round "10"]
[White "Aronian, Levon"]
[Black "Robson, Ray"]
[Result "1-0"]
[WhiteElo "2785"]
[BlackElo "2681"]
[EventDate "2022.??.??"]
[Annotator "Bojkov,Dejan"]
[PlyCount "89"]
[Beauty "7355286691361"]
[EventType "simul"]
[EventRounds "2"]

1.c4 e6 2.g3 d5 3.Bg2 d4 4.d3 ( {At the FIDE World Chess Championship 2021, the contender chose a different setup:} 4.Nf3 Nc6 5.O-O Bc5 6.d3 Nf6 7.Nbd2 a5 8.Nb3 Be7 9.e3 dxe3 10.Bxe3 Ng4 11.Bc5 O-O 12.d4 a4 13.Bxe7 Qxe7 14.Nc5 {and White seemed to have a more pleasant position in Nepomniachtchi,I (2782)-Carlsen,M (2855) Dubai 2021} ) 4...c5 5.e3 Nf6 $146 {As early as move five, this obvious and logical move is a novelty already $1} ( {The predecessor was a game between two young and promising German GMs where Black managed to solve his opening problems with:} 5...Ne7 6.exd4 cxd4 7.Nf3 Nec6 8.O-O Be7 9.Re1 O-O 10.Bf4 Nd7 11.Ne5 Ndxe5 12.Bxe5 f6 13.Bf4 e5 14.Bd2 Bf5 {Donchenko,A (2646) -Keymer,V (2558) Playchess.com INT 2020} ) 6.f4 $1 {A fresh approach by Aronian, in the spirit of Larsen $1 The extra couple of tempi in this reversed Benoni-type of position allows White a chance to play more aggressively and fight for the d4-square. e6-e5 is out of the question now.} 6...dxe3 ( {There was also the normal development with} 6...Be7 7.Nf3 Nc6 ) 7.Bxe3 Bd6 8.Nc3 O-O 9.g4 $1 {A fierce central battle—using the flank pawns $1} ( {Instead, the obvious} 9.Nf3 {would have allowed Robson a chance to regroup nicely with} 9...Ng4 10.Bg1 Nc6 11.h3 Nh6 $1 {and the knight is en route to the d4-outpost.} ) 9...Nc6 10.g5 Nd7 {So far, so good. It seems Black will have time to regroup and will even be able to challenge the opponent's optimistic play. However, here comes the instructive} 11.Bxc6 $3 {When all the drawbacks in Robson's camp become permanent.} ( {The black knight was way too strong to be left alive, as the line} 11.Nge2 Nd4 $1 12.O-O Nf5 {demonstrates.} ) 11...bxc6 12.Nf3 {And from a reversed Benoni, White transposed into a reversed Nimzo-Indian with permanent black weaknesses on the c-file} 12...f5 {It seems illogical to block the position for Black, but this move is actually needed if Robson is to get any counterplay.} ( {Instead} 12...e5 13.f5 $1 {is a positional failure for Black.} ) ( {Whereas} 12...f6 13.Ne4 Be7 14.Qe2 {stabilizes the position for the first player and thus solidifies his advantage.} ) 13.Qd2 e5 $1 {The only chance to bring the light-squared bishop out, or else it will have a rather inglorious destiny.} 14.O-O-O Re8 {Prepares Black's next idea.} ( {Which was not working at once after} 14...Qc7 15.fxe5 Nxe5 16.Nxe5 Bxe5 17.Bxc5 Bf4 18.Be3 ) 15.Rhe1 $1 {White is, in return, overprotecting the e3-square and is well prepared for the opening of the center.} ( {Also good was the cunning} 15.Rhf1 $5 {intending to meet} 15...Qc7 {with} 16.fxe5 Nxe5 17.Nxe5 Bxe5 18.Bf4 {gaining a tempo in comparison with the game.} ) 15...Qc7 16.fxe5 Nxe5 17.Nxe5 {Aronian decided to keep his long-term advantage rather than chase after any extra pawns.} ( {Instead} 17.Bxc5 {would have won a pawn after} 17...Bxc5 ( {Not} 17...Nxf3 $2 18.Rxe8+ Kf7 19.Bxd6 Qxd6 20.Qe3 {and White wins.} ) 18.Nxe5 {and there does not seem to be enough compensation for Black, whereas} 18...Rxe5 ( 18...Bd4 19.Nf3 ) ( 18...Bd6 19.d4 ) 19.Rxe5 Qxe5 20.d4 Bxd4 21.Qxd4 Qxd4 22.Rxd4 {leads to an ugly endgame for the second player, with a poor bishop and weaknesses. White's next plan would be to maneuver the knight to the f4-heaven.} ) 17...Rxe5 18.Kb1 {Sensibly moving away from the tactical problems along the c1-f4 diagonal.} ( 18.Rf1 $5 {might have been even better though, intending to meet} 18...Bd7 {with} 19.d4 $1 ) 18...Bd7 19.Rf1 {White's advantage is obvious. He has a clear plan of trading the dark-squared bishops, followed by pressure against the c5-pawn. Since the opponent's bishop is not useful in the defense of this weakness, Black is practically doomed. Robson's only chance is in the dynamic play and Aronian is carefully taking away the tactical possibilities from his opponent.} 19...Rae8 ( {It was time to activate the bishop instead with} 19...Be8 $5 {intending to meet} 20.Bf4 Re6 21.Bxd6 Qxd6 22.Rxf5 $6 {with} 22...Bg6 23.Rff1 Rd8 {with some counterplay.} ) 20.Bf4 R5e7 21.h4 Be5 ( {Here} 21...Be6 {is not as effective as before} 22.Qh2 Bxf4 23.Qxf4 Qd8 24.Rfe1 {and White is in control.} ) 22.Qf2 {Aronian follows his grand plan.} ( {It made sense to transfer the knight to the optimal square at once with} 22.Ne2 $1 Qd6 23.Bxe5 Rxe5 24.Nf4 {with a huge positional advantage for the first player.} ) 22...Qd6 23.Rd2 ( 23.Ne2 $5 {was still good, but White apparently thinks that the knight is excellent where it is.} ) 23...Bxf4 24.Qxf4 Qd4 ( {Better was to try something active, like} 24...Re1+ 25.Kc2 Qxf4 26.Rxf4 Kf7 ) 25.Kc2 Re5 26.h5 {Aronian's plan is to shut the kingside completely, lock the bishop in a cell, trade the right pieces, and then use his pawn majority on the queenside. In the game, this works perfectly well.} ( 26.Qh2 $5 ) 26...R8e6 {But only because Robson keeps maneuvering positionally.} ( {This was the last chance for dynamic play with} 26...Re1 $1 {trying to make use of the vulnerable white kingside pawns after} 27.h6 ( {Or} 27.Qf2 Rxf1 28.Qxf1 Re3 {and Black is still in the game.} ) 27...Qxf4 28.Rxf4 Rg1 ) 27.Qh2 $1 {Now Aronian finds the optimal setup for his pieces and his advantage proves decisive.} 27...Be8 28.Ne2 $1 {What a great maneuver $1} 28...Qd8 29.Nf4 Re7 30.g6 h6 31.Ne2 ( 31.Re2 $5 ) 31...Qa5 32.Nc3 Qd8 33.Qf4 Qd4 34.Na4 ( {There was also the tactical idea of attacking the f-pawn with} 34.Ne4 $5 {and then Ne4-g3.} ) 34...Bd7 {The job is almost done, White only needs to trade the proper piece(s) and convert his advantage. Aronian is not in a rush.} 35.a3 ( 35.Qxd4 $1 {was already strong with a won position after} 35...cxd4 36.b4 ) 35...a5 36.b3 $1 {A cunning little trap, taking advantage of the opponent's time trouble.} ( 36.Qxd4 $1 {was still good} 36...cxd4 37.b4 {but since this resource is always there, Aronian decided to give his opponent one more possibility to go wrong.} ) 36...Kf8 $4 {A blunder in a lost position.} ( {After} 36...Re8 {White would have sooner or later have gone for} 37.Qxd4 cxd4 38.b4 ) 37.Nxc5 $1 {That is the trick $1 Black's position collapses.} 37...Qxc5 ( {Aronian's point becomes obvious in the line} 37...Qxf4 38.Rxf4 Rxc5 39.d4 $1 ) 38.d4 Qxa3 39.dxe5 a4 40.Rf3 Qa2+ 41.Kd1 Qa1+ 42.Ke2 a3 ( {Or} 42...Bc8 43.bxa4 Be6 44.Rd8+ Re8 45.Qd4 {and White wins.} ) 43.Rxd7 $1 {This little tactic crowns White's strategy.} 43...Qb2+ ( {Or else mate after} 43...Rxd7 44.Qxf5+ Ke7 45.Qf8+ Ke6 46.Qe8+ Re7 47.Qxc6+ Kxe5 48.Qd5# ) 44.Rd2 Rxe5+ 45.Re3 {PLAY CHESS, NOT WAR $1} 1-0

[Event "The American Cup 2022 | Open Eliminatio"]
[Site "Chess.com"]
[Date "2022.04.26"]
[Round "12"]
[White "Aronian, Levon"]
[Black "Dominguez Perez, Leinier"]
[Result "1/2-1/2"]
[WhiteElo "2785"]
[BlackElo "2756"]
[EventDate "2022.??.??"]
[Annotator "Bojkov,Dejan"]
[PlyCount "21"]
[Beauty "6597069766660"]
[EventType "simul"]
[EventRounds "2"]

1.e4 e5 2.Nf3 Nf6 {Dominguez has no reason to deviate from the Petroff, an opening that served him so well in their first match.} 3.Nxe5 d6 4.Nf3 Nxe4 5.Nc3 Nxc3 6.dxc3 Be7 7.Be3 O-O 8.Qd2 Nd7 9.O-O-O Nf6 ( {The other approach, as we already know, is:} 9...Re8 10.Kb1 Nf6 11.Bd3 d5 12.h3 c5 13.c4 b5 14.cxd5 c4 15.d6 cxd3 16.dxe7 dxc2+ 17.Qxc2 Qxe7 {Fedoseev,V (2704)-Vidit,S (2727) Belgrade 2022 and Black did not experience any difficulties in Fedoseev, V (2704) -Vidit,S (2727) Belgrade 2022} ) 10.Bd3 Re8 11.Rhe1 {It is Aronian who deviates first from their previous encounter.} ( 11.h4 {That is the essence of the line. White hopes to be faster than his opponent in the opposite-castling battle.} 11...d5 {But Black has his own arguments. His center is strong, and if he manages to trade off the queens, his pawn chain might prove more efficient.} 12.Ng5 {Aronian played this after some thought and Dominguez, in turn, took almost half an hour on his clock for his next move.} ( {Speaking of trades, the following game between the top Chinese GMs is instructive} 12.Bg5 h6 13.Bxf6 Bxf6 14.Qf4 Be6 15.g4 Qd6 $5 {Black is OK to damage his pawn structure as long as he can secure his king.} 16.Qxd6 cxd6 17.Rdg1 Kf8 18.Nd4 Bd7 19.g5 {then more trades slowly led to a draw after} 19...Bxd4 20.cxd4 h5 21.Kd2 g6 22.Re1 Rxe1 23.Rxe1 Re8 24.Rxe8+ Kxe8 25.f4 Bf5 26.Bxf5 gxf5 {Wei,Y (2741)-Yu, Y (2738) Danzhou 2019} ) 12...h6 13.f3 {The point behind the maneuver. Aronian wants g2-g4, but will he have the time for it $2} 13...c5 $1 {Classical response $1 The central counter-attack keeps White busy and the constant danger of his bishops being removed from the attacking diagonals is unnerving.} ( {White's dreams would come true after} 13...hxg5 $4 14.hxg5 Nd7 15.g4 {threatening both the simple Qd2-h2 and the forcing Rh1-h8+ mates.} ) 14.Bb5 $146 {Aparently, an over-the-board novelty. And a moral victory for Dominguez, who is most happy to get rid of the light-squared bishops.} ( {Black, however, also did great in the predecessor after:} 14.g4 Qa5 15.Kb1 c4 16.Be2 Bc5 17.Bxc5 Qxc5 18.Nh3 Qe3 $1 {and once again, without the queens on, Black is doing great, Borisek,J (2578)-Bogner,S (2619) Batumi 2018} ) 14...Bd7 15.Bxd7 Qxd7 16.Nh3 {A sad retreat, but there is no other choice without the big helper on the b1-h7 diagonal.} 16...Rad8 ) 1/2-1/2

[Event "Superbet Chess Classic 2022"]
[Site "Bucharest"]
[Date "2022.05.11"]
[Round "6"]
[White "Dominguez Perez, Leinier"]
[Black "Deac, Bogdan Daniel"]
[Result "1-0"]
[WhiteElo "2753"]
[BlackElo "2671"]
[EventDate "2022.??.??"]
[Annotator "Bojkov,Dejan"]
[PlyCount "133"]
[Beauty "5983963194420"]
[EventType "team-tourn"]
[EventCountry "ROU"]

1.e4 c5 2.Nf3 d6 3.d4 cxd4 4.Nxd4 Nf6 5.Nc3 a6 6.Be3 {The free day was most welcomed by all the participants and Dominguez used it to prepare an interesting side line for this game.} 6...e5 7.Nb3 Be6 8.f3 h5 9.Nd5 Bxd5 10.exd5 Nbd7 11.Qd2 g6 12.O-O-O Nb6 13.Kb1 Nbxd5 14.Bg5 Be7 15.a3 $5 {\"This is [an] unusual (move), probably a novelty. The idea is to make an useful move and see where Black is going.\" (Dominguez) 15.Bd3 is the main line.} ( {So far both players followed another game of Deac that went} 15.c4 Nf4 16.Bxf4 exf4 17.Qxf4 Qc7 18.Bd3 O-O-O 19.Rhe1 Rhe8 20.Rc1 Kb8 21.Qd4 Nd7 22.Be4 Bf6 23.Qd2 Nc5 {and the Romanian GM eventually emerged victoriously in Esipenko,A (2723)-Deac,B (2679) Chess.com 2022} ) 15...Qc7 16.g3 $146 {\"It is supposed to be compensation [for the pawn] because the black king is always weak. Even if he castles short, the I will have some attack with g3-g4 at some point.\" (Dominguez)} ( {An email game ended peacefully after} 16.c4 Nb6 17.Bxf6 Bxf6 18.Qxd6 Qxd6 19.Rxd6 Na4 20.Rd5 {1/2-1/2 (20) Jose Queralto,D (2412)-Thomas,T (2301) ICCF email 2021} ) 16...Rd8 ( {\"I think Black can also play with\"} 16...O-O-O {(Dominguez)} ) 17.Bd3 {\"It looks a bit weird to play this after g2-g3, but since he cannot castle 0-0-0 I thought I can do it.\" (Dominguez)} ( {\"I considered\"} 17.f4 Nb6 18.Bg2 Nc4 {\"but I did not like it as the Nc4 is hard to kick out.\"(Dominguez)} ) 17...Nb6 18.Rhe1 ( {Here too} 18.f4 {was a move, but White did not like} 18...e4 19.Bxf6 ( {Or} 19.Be2 d5 ) 19...Bxf6 20.Bxe4 Nc4 ) 18...d5 {\"It was a tense game, he played extremely well, especially in the first part of the game. He got a better position at some point.\" (Dominguez)} 19.Qe2 {White was pinning his hopes with his next idea.} 19...Nbd7 ( {In case of} 19...Nfd7 {the American GM planned} 20.Bxe7 Kxe7 21.f4 e4 22.Bxe4 dxe4 23.Qxe4+ Kf8 24.Qe7+ Kg7 ( 24...Kg8 25.f5 ( {Or} 25.Rd6 ) ) 25.Nd4 Kg8 {with a strong attack in all cases.} ) 20.c4 $1 {The correct approach. The bishops need air, especially the light-squared one.} 20...O-O {\"I could not find a promising way here to play.\" (Dominguez)} 21.cxd5 Nxd5 22.Bh6 Rfe8 23.Rc1 ( {Apparently, a better idea would have been the computer-generated} 23.Qc2 $1 {with the cunning tactical point to meet} 23...Qd6 {with} ( {Therefore, Black should opt for an endgame} 23...Qxc2+ 24.Bxc2 N5f6 25.Na5 {where the active white pieces fully compensate him for the missing pawn.} ) 24.Bxg6 $1 fxg6 25.Rxd5 $1 Qe6 ( {Not} 25...Qxd5 26.Qxg6+ Kh8 27.Qg7# ) 26.Red1 {with an edge for White.} ) 23...Qd6 24.h4 b5 ( 24...Qe6 $5 ) 25.Nd2 {\"Basically, Black is just better, and I was hoping that I can turn it around in time-trouble.\" (Dominguez)} 25...Nc5 26.Ne4 Nxe4 {But here Deac missed a chance to fix his advantage.} ( {He could have kept the enemy pieces away from him with} 26...Qb6 $1 27.Nxc5 Bxc5 28.Be4 b4 {when Black is significantly better.} ) 27.Bxe4 Qe6 28.Bc2 $3 {A beautiful maneuver $1} 28...Bxa3 29.Bb3 {This diagonal is worth the two pawns $1 In order to break the pin Deac will have to allow too much activity to the opponent's pieces.} 29...Bf8 30.Bg5 Rd6 31.Red1 Qf5+ 32.Qe4 Nb6 ( {This was the first time in which Deac could have opted for an endgame with} 32...Qxe4+ 33.fxe4 Nb6 34.Rxd6 Bxd6 35.Rc6 Nc8 36.Rxa6 {which should be objectively equal (but much easier to play as White $1)} ) 33.Rxd6 Bxd6 34.Rc6 {\"I now felt I was out of danger since the black pieces are so passive now. Actually, I was thinking I am much better\" (Dominguez)} 34...Nc8 35.Rxa6 Kg7 36.Rc6 Qd7 {\"I was very surprised and happy to have the queens on.\" (Dominguez)} ( {Instead} 36...f6 37.Bd2 Qxe4+ 38.fxe4 Bb8 {should be again about even.} ) 37.Qd5 e4 $1 {A nice tactical blow in time-trouble $1 Dominguez saw it from afar, but underestimated it.} 38.Be3 $1 {The best reaction.} ( {Not} 38.fxe4 $4 Re5 ) ( {After} 38.Bf4 exf3 39.Bxd6 Nxd6 40.Rxd6 Qf5+ 41.Qxf5 gxf5 {the black passer cannot be stopped easily. (Dominguez)} ) 38...exf3 39.Bd4+ f6 40.Qxf3 Rf8 ( 40...Qf5+ 41.Qxf5 gxf5 {\"I thought it should be a draw somehow.\" (Dominguez)} ) 41.Qd5 Qe7 42.Qe6 $1 ( {\"I was very close to playing\"} 42.Qxb5 $4 Qe4+ ) 42...Qd8 {This is a blunder $1} ( {Instead Dominguez suggested} 42...Qxe6 43.Bxe6 Bxg3 44.Rxc8 Rxc8 45.Bxc8 Bxh4 {\"I thought there are some chances for a draw (for Black) as he can put the bishop on the g3-square.\" (Dominguez)} ) 43.Rxc8 Qxc8 44.Qxd6 Qd8 ( {Maybe Deac missed from afar} 44...Qf5+ 45.Kc1 Rc8+ 46.Bc3 Qf1+ 47.Bd1 ) 45.Qe6 Kh7 46.Bd5 {Now White is completely winning, but the second time-trouble is about to show its ugly head.} 46...Qe8 47.Qb6 Qd7 48.Be6 Qd8 49.Qa7+ ( {The neatest win was} 49.Qb7+ $1 Kh8 50.Bd5 {not letting any queens out.} ) 49...Kh8 50.Ka2 Qd6 51.Bb3 Qc6 $1 {Now Black starts to create threats on his own $1} 52.Bc3 $1 {A beautiful way to prevent the pin.} 52...Qf3 ( 52...Ra8 $2 53.Bxf6+ $1 ) ( {Also bad was} 52...b4 53.Qe3 $3 {with a powerful mating threat.} ) 53.Be6 ( 53.Ka3 $3 {was apparently winning still.} ) 53...b4 ( {Short on time, Deac misses a study-like defense with} 53...Re8 $3 54.Bb3 b4 $1 55.Bd4 Qc6 $3 {And apparently White does not have a way to pass the move to the opponent $1 For example} 56.Ka1 Re1+ 57.Ka2 Re8 58.Ba4 Qc4+ 59.Bb3 Qc6 {A very original positional draw $1} ) 54.Bd4 Rd8 55.Bc4 {Dominguez is back in control and this time finishes the game mercilessly.} 55...Rf8 56.Be6 Rd8 57.Bc4 Rf8 ( {It is late now for} 57...Re8 58.Qf7 $1 ) 58.Qe7 Ra8+ 59.Ba7 Qc6 ( {Or else} 59...Rc8 60.Qd7 $1 Rxc4 61.Qe8+ Kg7 62.Qe7+ {and White picks up the rook with checks.} ) 60.Kb3 Rc8 61.Qe6 Qxe6 62.Bxe6 Rd8 63.Kxb4 Rd3 64.Bb8 Kg7 65.Kc4 Re3 66.Bd5 Re8 67.Bf4 {PLAY CHESS, NOT WAR.} 1-0